|
|
|
|
| LEADER |
01762cas a2200241 a 4500 |
| 001 |
AALejournalIMF017128 |
| 008 |
230101c9999 xx r poo 0 0eng d |
| 020 |
|
|
|c 5.00 USD
|
| 020 |
|
|
|z 9781475538397
|
| 022 |
|
|
|a 1934-7685
|
| 040 |
|
|
|a BD-DhAAL
|c BD-DhAAL
|
| 110 |
2 |
|
|a International Monetary Fund.
|b European Dept.
|
| 245 |
1 |
0 |
|a Portugal :
|b Selected Issues.
|
| 264 |
|
1 |
|a Washington, D.C. :
|b International Monetary Fund,
|c 2016.
|
| 300 |
|
|
|a 1 online resource (48 pages)
|
| 490 |
1 |
|
|a IMF Staff Country Reports
|
| 500 |
|
|
|a <strong>Off-Campus Access:</strong> No User ID or Password Required
|
| 500 |
|
|
|a <strong>On-Campus Access:</strong> No User ID or Password Required
|
| 506 |
|
|
|a Electronic access restricted to authorized BRAC University faculty, staff and students
|
| 520 |
3 |
|
|a This Selected Issues paper estimates the fiscal impact of demographic changes in Portugal and the euro area over the period 2015-2100. Under the baseline projections of the United Nations, Portugal is among the countries in the euro area that is expected to be most hurt by demographic developments. During 2015-2100, its population is expected to shrink by about 30 percent while the old-age dependency ratio is expected to more than double, driven mostly by low fertility, higher longevity, and migration outflows. Age-related public spending would increase by about 6 percentage points of GDP under the baseline over the period 2015-50, and the public debt path would become unsustainable in the absence of offsetting policies.
|
| 538 |
|
|
|a Mode of access: Internet
|
| 830 |
|
0 |
|a IMF Staff Country Reports; Country Report ;
|v No. 2016/301
|
| 856 |
4 |
0 |
|z Full text available on IMF
|u http://elibrary.imf.org/view/journals/002/2016/301/002.2016.issue-301-en.xml
|z IMF e-Library
|